• 首页
  • 本馆介绍
  • 公告通知
  • 最新文献
  • 馆藏检索
  • 电子资源
  • 读者导购
  • 参考咨询
  • 我的图书馆
  • 登录
  • 详细信息显示
  • 放入我的书架
  • 预约/预借图书
  • 作者相关作品
  • 分类相关作品
  • 丛书相关作品
  • 出版社相关作品

书目信息

  • 表格格式
  • 工作单格式
  • 卡片格式
题名:
Hochschild同调和上同调
    
 
作者: 陈媛 著
分册:  
出版信息: 北京   科学出版社  2017
页数: 111页
开本: 24cm
丛书名:
单 册:
中图分类: O154
科图分类:
主题词: 同调代数--tong diao dai shu
电子资源:
ISBN: 978-7-03-055768-1
000 01085nam0 2200253 450
001 012001000086
005 20131104172156.0
010    @a978-7-03-055768-1@dCNY49.00
099    @aCAL 012018063170
100    @a20180530d2017 em y0chiy50 ea
101 0  @achi
102    @aCN@b110000
105    @aa a 000yy
106    @ar
200 1  @aHochschild同调和上同调@AHochschild tong diao he shang tong diao@f陈媛著
210    @a北京@c科学出版社@d2017
215    @a111页@c图@d24cm
320    @a有书目 (第104-111页)
330    @a本书分两部分。第一部分介绍代数的Hochschild同调与上同调,其中包括三类特殊Koszul代数的Hochschild同调和上同调群的计算,以及两类代数的Hochschild上同调环的结构刻画。第二部分介绍代数的模-相对Hochschild同调与上同调及形式光滑性问题,着重介绍儿类特殊构造下代数的模-相对Hochschild(上)同调,以及Morita型稳定下代数的模-相对Hochschild(上)同调,并利用同调方法进一步探讨了代数的形式光滑性问题。
606 0  @a同调代数@Atong diao dai shu
690    @aO154@v5
701  0 @a陈媛@Achen yuan@4著
801  0 @aCN@b北京卓展文化@c20191020
905    @b1195307-10@dO154@e128@f4
    
    Hochschild同调和上同调/陈媛著.-北京:科学出版社,2017
    111页:图;24cm
    
    
    ISBN 978-7-03-055768-1:CNY49.00
    本书分两部分。第一部分介绍代数的Hochschild同调与上同调,其中包括三类特殊Koszul代数的Hochschild同调和上同调群的计算,以及两类代数的Hochschild上同调环的结构刻画。第二部分介绍代数的模-相对Hochschild同调与上同调及形式光滑性问题,着重介绍儿类特殊构造下代数的模-相对Hochschild(上)同调,以及Morita型稳定下代数的模-相对Hochschild(上)同调,并利用同调方法进一步探讨了代数的形式光滑性问题。
●
相关链接 在E读中查询图书 在五车中查询图书 在当当中查询图书 在豆瓣中查询图书


正题名:Hochschild同调和上同调     索取号:O154/128         预约/预借

序号 登录号 条形码 馆藏地/架位号 状态 备注
1 1195307   211953073   第二样本阅览室/ [索取号:O154/128] 在馆    
2 1195308   211953082   第三借阅区/ [索取号:O154/128] 在馆    
3 1195309   211953091   第三借阅区/ [索取号:O154/128] 在馆    
4 1195310   211953108   第三借阅区/ [索取号:O154/128] 在馆    
唐山师范学院图书馆 欢迎您!
大连网信软件有限公司© 版权所有